000 00746nam a2200169 i 4500
001 156943
003 ES-MaACL
005 20240522063056.0
008 991122m18381847be af |||| | fre d
040 _aCCPB | B
_bspa
_cCCPB | B
100 1 _aLamartine, Alphonse de,
_d1790-1869
_969776
245 1 0 _aOeuvres de Lamartine de l'Académie Française.
260 _aBruxelles :
_bMeline, Cans et compagnie,
_c1838-1847.
300 _a2 v. ;
_c27 cm.
852 _aES-MaACL
_jF-10172(1)
_z-- Enc. hol.
_q-- Sólo T. II
_x-- Edic.: Añadir en T260 Bruxelles [etc.] -- T. II. (936, 111 p.) -- T505 Contiene : Histoire des Girondins ; Recueillements poétiques, Discours et articles sur la question d'Orient
999 _c156943
_d156943